000 01394nam2a22002891 4500
001 rc\4734007
005 20250612164309.0
021 _aRU
_b[62-4769]
021 _aRU
_b[62-22777]
021 _aRU
_b[58-32847]
035 _a(NLR Aleph) 008734044
090 _a9493338
_c9493338
100 _a20130416d1961 |||y0rusy50 ca
101 0 _arus
102 _aRU
105 _aa z |||||
200 1 _aРезцы фасонные дисковые и призматические
_fМ-во высш. и сред. спец. образования РСФСР
210 _d1961
_aБ. м.
215 _a40 с., 1 л. черт.
_cил.
461 0 _1001rc\4734004
_12001#$aПроектирование режущих инструментов$e[Письм. лекции]$eВып. 1-$fМ-во высш. образования СССР. Сев.-зап. заоч. политехн. ин-т$vВып. 3
_99493324
_cЛенинград
_d1958-
_fМ-во высш. образования СССР. Сев.-зап. заоч. политехн. ин-т
_nБ. и.
_o[Письм. лекции] : Вып. 1-
_tПроектирование режущих инструментов
_vВып. 3
606 _aРезцы
_xПроектирование (вып. 1-3)
_2psbo
700 1 _aМожаев
_bС.С.
801 0 _aRU
_bNLR
_gpsbo
801 1 _aRU
_bELAR
_2rusmarc
852 _aNLR
_j58-6/4939
942 _cBOOK
980 _aNB